<?xml version="1.0" encoding="UTF-8"?>
<record
    xmlns:xsi="http://www.w3.org/2001/XMLSchema-instance"
    xsi:schemaLocation="http://www.loc.gov/MARC21/slim http://www.loc.gov/standards/marcxml/schema/MARC21slim.xsd"
    xmlns="http://www.loc.gov/MARC21/slim">

  <leader>00337nam a2200145Ia 4500</leader>
  <controlfield tag="008">191201s2011    xx            000 0 und d</controlfield>
  <datafield tag="082" ind1=" " ind2=" ">
    <subfield code="a">658.5</subfield>
    <subfield code="b">MAM</subfield>
  </datafield>
  <datafield tag="100" ind1=" " ind2=" ">
    <subfield code="a">MANJUNATH,VS</subfield>
  </datafield>
  <datafield tag="245" ind1=" " ind2="0">
    <subfield code="a">Management Science Prespective</subfield>
  </datafield>
  <datafield tag="250" ind1=" " ind2=" ">
    <subfield code="a">Imp 1st</subfield>
  </datafield>
  <datafield tag="260" ind1=" " ind2=" ">
    <subfield code="a">N. Delhi</subfield>
    <subfield code="b">Pearson</subfield>
    <subfield code="c">2011</subfield>
  </datafield>
  <datafield tag="300" ind1=" " ind2=" ">
    <subfield code="a">446</subfield>
  </datafield>
  <datafield tag="650" ind1=" " ind2=" ">
    <subfield code="a">MBA</subfield>
  </datafield>
  <datafield tag="942" ind1=" " ind2=" ">
    <subfield code="2">ddc</subfield>
    <subfield code="c">BK</subfield>
  </datafield>
  <datafield tag="999" ind1=" " ind2=" ">
    <subfield code="c">5193</subfield>
    <subfield code="d">5193</subfield>
  </datafield>
  <datafield tag="952" ind1=" " ind2=" ">
    <subfield code="0">0</subfield>
    <subfield code="1">0</subfield>
    <subfield code="2">ddc</subfield>
    <subfield code="4">0</subfield>
    <subfield code="7">0</subfield>
    <subfield code="8">MBA</subfield>
    <subfield code="a">PIET</subfield>
    <subfield code="b">PIET</subfield>
    <subfield code="d">2012-03-05</subfield>
    <subfield code="e">IBH, New Delhi</subfield>
    <subfield code="g">399.00</subfield>
    <subfield code="k">19845</subfield>
    <subfield code="l">2</subfield>
    <subfield code="o">658.5 MAM</subfield>
    <subfield code="p">19074</subfield>
    <subfield code="q">2020-11-20</subfield>
    <subfield code="r">2020-11-06 00:00:00</subfield>
    <subfield code="s">2020-11-06</subfield>
    <subfield code="w">2012-03-03</subfield>
    <subfield code="y">BK</subfield>
  </datafield>
  <datafield tag="952" ind1=" " ind2=" ">
    <subfield code="0">0</subfield>
    <subfield code="1">0</subfield>
    <subfield code="2">ddc</subfield>
    <subfield code="4">0</subfield>
    <subfield code="7">0</subfield>
    <subfield code="8">MBA</subfield>
    <subfield code="a">PIET</subfield>
    <subfield code="b">PIET</subfield>
    <subfield code="d">2012-03-05</subfield>
    <subfield code="e">IBH, New Delhi</subfield>
    <subfield code="g">399.00</subfield>
    <subfield code="k">19845</subfield>
    <subfield code="l">1</subfield>
    <subfield code="o">658.5 MAM</subfield>
    <subfield code="p">19075</subfield>
    <subfield code="r">2025-01-03 00:00:00</subfield>
    <subfield code="s">2024-12-13</subfield>
    <subfield code="w">2012-03-03</subfield>
    <subfield code="y">BK</subfield>
  </datafield>
</record>
